| 000 | 00849cad a22002055a 4500 | ||
|---|---|---|---|
| 001 | L149870 | ||
| 008 | 100510s20100507xxk f 000 0 eng d | ||
| 035 | _a(Sirsi) u149870 | ||
| 041 | 0 | _aeng | |
| 050 | 0 | 4 | _a333.33 $2 18 |
| 110 | 2 |
_aLloyds Banking Group _95822 |
|
| 245 | 0 | 0 |
_aHalifax House Price Index _bApril 2010 _h[electronic resource] |
| 260 |
_aLondon _bLloydsbankinggroup _c2010 |
||
| 520 | _aUnited Kingdom house prices broadly flat in April 2010. 0.1% fall in April following a 1% increase in March. Supply and demand imbalance easing. | ||
| 590 | _aKA | ||
| 651 | 4 |
_aUnited Kingdom _y |
|
| 690 | _aPROPERTY-RESIDENTIAL PROPERTY-RESIDENTIAL PROPERTY MARKET | ||
| 856 | 4 | 8 |
_uhttps://www.lloydsbankinggroup.com/media/pdfs/research/2010/HousePriceIndexApr2010.pdf _zView this item free of charge at www.lloydsbankinggroup.com |
| 942 | _n0 | ||
| 999 |
_c110654 _d110654 |
||